| 000 | 00446nam a22001457a 4500 | ||
|---|---|---|---|
| 008 | 230406b |||||||| |||| 00| 0 eng d | ||
| 040 |
_aNational Science Library _cNational Science Library |
||
| 080 |
_a336.2.02 _bK7 |
||
| 245 | _aTax incidence on housing | ||
| 260 |
_aNew Delhi: _bNational Council of Applied Economic Research, _c1967 |
||
| 300 | _axi, 66p. | ||
| 650 | _aTax incidence | ||
| 653 | _aPrivate investment | ||
| 942 |
_2udc _cBK |
||
| 999 |
_c19270 _d19270 |
||